000 00652nam a2200205Ia 4500
003 GCL
008 140319s9999 xx 000 0 ara d
040 _aGCL /
_cGCL
082 0 4 _a810.8
_bا د
100 1 _aابراهيم عبدالقادر المازنى
245 1 0 _aديوان المازنى /
_cابراهيم عبدالقادر المازنى
260 _aالقاهرة :
_bمطبعة محمد محمد مطر ،
_c1917
300 _a347 ص ؛
_c19 سم
490 _a
650 0 4 _aالشعر العربى
650 0 4 _aالادب العربى
650 0 4 _aدواوين وقصائد
650 0 4 _aالمازنى
942 _2ddc
_cBK
999 _c38327
_d38327